Letterboxd Six Million Watched Club by Poster - Statistics

General Stats
  • This quiz has been taken 87 times
  • The average score is 5 of 6
Answer Stats
Picture Answer % Correct
Barbie
96%
Joker
92%
The Truman Show
92%
Fight Club
91%
Interstellar
90%
Parasite
87%
No matching quizzes found
Score Distribution
Percent of People with Each Score
Percentile by Number Answered
Your Score History
You have not taken this quiz